Pequeños dirigentes /
Guardado en:
| Formato: | |
|---|---|
| Series: | Multitalento Microchip
|
| Materias: | |
| Etiquetas: |
Agregar Etiqueta
Sin Etiquetas, Sea el primero en etiquetar este registro!
|
| LEADER | 00976ngm a22002775g 4500 | ||
|---|---|---|---|
| 001 | CEM.cems021543 | ||
| 008 | 130507b1992##################0###0#####d | ||
| 005 | 20240828133031.0 | ||
| 245 | 0 | 0 | |a Pequeños dirigentes / |
| 300 | |a 28 | ||
| 490 | 0 | |a Multitalento Microchip | |
| 500 | |a En soporte VHS, consultar en ventanilla. | ||
| 505 | 0 | |a Funcionamiento de los lavarropas. Integrados. Transistores. Microprocesadores. Otros electrodomésticos modernos: afeitadoras, taladros, amasadoras. Programaciones. | |
| 538 | |a Soporte: VHS - Norma: Pal N - Color - Grabación DRD 1992 - Hitachi=0000 | ||
| 082 | 0 | 0 | |. 6/MUL |
| 653 | |a COMPUTACION | ||
| 653 | |a ELECTRONICA | ||
| 653 | |a COMPUTACION APLICADA | ||
| 653 | |a ELECTRODOMESTICOS | ||
| 653 | |a LAVARROPAS | ||
| 653 | |a AFEITADORAS | ||
| 653 | |a TALADROS | ||
| 653 | |a MICROPROCESADORES | ||
| 653 | |a TRANSISTORES | ||
| 653 | |a NIVEL SECUNDARIO | ||
| 859 | |a CEMS |b BIB. CEMS - Depto. Recursos Didacticos |h 001.6 |i MUL |k DRD |p 186.12 |t Ej.1 | ||
